<?xml version="1.0" encoding="UTF-8"?><?xml-stylesheet type="text/xsl" href="static/style.xsl"?><OAI-PMH xmlns="http://www.openarchives.org/OAI/2.0/" xmlns:xsi="http://www.w3.org/2001/XMLSchema-instance" xsi:schemaLocation="http://www.openarchives.org/OAI/2.0/ http://www.openarchives.org/OAI/2.0/OAI-PMH.xsd"><responseDate>2026-04-17T02:03:49Z</responseDate><request verb="GetRecord" identifier="oai:www.recercat.cat:10230/57652" metadataPrefix="marc">https://recercat.cat/oai/request</request><GetRecord><record><header><identifier>oai:recercat.cat:10230/57652</identifier><datestamp>2025-12-24T08:39:01Z</datestamp><setSpec>com_2072_6</setSpec><setSpec>col_2072_452952</setSpec></header><metadata><record xmlns="http://www.loc.gov/MARC21/slim" xmlns:dcterms="http://purl.org/dc/terms/" xmlns:xsi="http://www.w3.org/2001/XMLSchema-instance" xmlns:doc="http://www.lyncode.com/xoai" xsi:schemaLocation="http://www.loc.gov/MARC21/slim http://www.loc.gov/standards/marcxml/schema/MARC21slim.xsd">
   <leader>00925njm 22002777a 4500</leader>
   <datafield ind2=" " ind1=" " tag="042">
      <subfield code="a">dc</subfield>
   </datafield>
   <datafield ind2=" " ind1=" " tag="720">
      <subfield code="a">Chévez, Cándida</subfield>
      <subfield code="e">author</subfield>
   </datafield>
   <datafield ind2=" " ind1=" " tag="720">
      <subfield code="a">Melenge-Escudero, James Alexander</subfield>
      <subfield code="e">author</subfield>
   </datafield>
   <datafield ind2=" " ind1=" " tag="260">
      <subfield code="c">2023-07-25T07:48:23Z</subfield>
   </datafield>
   <datafield ind2=" " ind1=" " tag="260">
      <subfield code="c">2023-07-25T07:48:23Z</subfield>
   </datafield>
   <datafield ind2=" " ind1=" " tag="260">
      <subfield code="c">2023</subfield>
   </datafield>
   <datafield ind2=" " ind1=" " tag="520">
      <subfield code="a">Se presentan los resultados de una investigación de corte cualitativo que, a través de historias de vida, tuvo como propósito conocer las experiencias de mujeres jóvenes vinculadas a pandillas salvadoreñas. Las jóvenes participantes fueron seleccionadas de un proyecto sociocultural conocido como la Orquesta de Cuerdas del Centro para la Inserción Social. A partir de entrevistas a profundidad y un trabajo de relato autobiográfico, las jóvenes reconstruyeron sus historias permitiendo identificar cuatro resultados relevantes: los contextos de violencia en los cuales viven sus infancias, las motivaciones y significados de la pandilla para las jóvenes, la violencia y los roles de género que experimentan continuamente y el encuentro con el arte como una práctica de reexistencia que les permite resignificar su vida.</subfield>
   </datafield>
   <datafield ind2=" " ind1=" " tag="520">
      <subfield code="a">El artículo se deriva del proyecto Las Guapas: historias de vida, amor y libertad, realizado con el apoyo de la Asociación Tiempos Nuevos Teatro y el financiamiento de la Fundación Heinrich Boll San Salvador. Esta investigación se vincula al proyecto Transgang (2018-2022) Transnational Transnational Gangs as Agents of Mediation. Experiences of conflict resolution in Southern Europe, North Africa and the Americas. Programa de Investigación e Innovación de la Unión Europea Horizon 2020, European Research Council. Inicio: 01-01-2018; final: 30-06-2023 [grant agreement nº 742705].</subfield>
   </datafield>
   <datafield tag="653" ind2=" " ind1=" ">
      <subfield code="a">juventudes</subfield>
   </datafield>
   <datafield tag="653" ind2=" " ind1=" ">
      <subfield code="a">mujeres</subfield>
   </datafield>
   <datafield tag="653" ind2=" " ind1=" ">
      <subfield code="a">pandillas</subfield>
   </datafield>
   <datafield tag="653" ind2=" " ind1=" ">
      <subfield code="a">historias de vida</subfield>
   </datafield>
   <datafield ind2="0" ind1="0" tag="245">
      <subfield code="a">Mujeres jóvenes en las pandillas salvadoreñas</subfield>
   </datafield>
</record></metadata></record></GetRecord></OAI-PMH>